000
00311nam a22001337a 4500
008
171003b xxu||||| |||| 00| 0 eng d
020
_a
0155392026
041
_a
eng
080
_a
159.9
100
_a
48
101
_a
PSI
245
_a
PSYCHOLOGY IN AMERICA A HISTORICAL SURVEY
_c
HILGARD,E.R
942
_2
udc
_c
BK
999
_c
31338
_d
31338